[Event "3. Open de Calviá 2006 Aficionados"]
[Site "Calvia ESP"]
[Date "2006.10.13"]
[Round "3.13"]
[White "Morant Sampol, Jaime"]
[Black "Hallerod, Ralph"]
[Result "0-1"]
[WhiteElo "1927"]
[BlackElo "2180"]
[PlyCount "112"]
[EventDate "2006.10.20"]
[EventType "swiss"]
[EventRounds "9"]
[EventCountry "ESP"]
[Source "lmi"]
[SourceDate "2006.10.20"]

1. c4 Nf6 2. d4 g6 3. Nc3 d5 4. e3 Bg7 5. Nf3 O-O 6. Bd3 Bg4 7. h3 Bxf3 8. Qxf3
c6 9. O-O dxc4 10. Bxc4 Nbd7 11. e4 e5 12. Be3 Nb6 13. dxe5 Nxc4 14. exf6 Qxf6
15. Qe2 Nxe3 16. Qxe3 Qd4 17. Qe2 Qb4 18. a3 Qb3 19. e5 Rfe8 20. f4 f6 21. Rac1
fxe5 22. f5 gxf5 23. Rxf5 Rad8 24. Rcf1 e4 25. Nxe4 Qxb2 26. Qc4+ Kh8 27. Ng5
Qd4+ 28. Qxd4 Bxd4+ 29. Kh1 Rd5 30. Nf7+ Kg7 31. R5f4 Re6 32. h4 h6 33. g4 Be3
34. Rf5 Rxf5 35. gxf5 Re4 36. Nd8 Rxh4+ 37. Kg2 Kf6 38. Kg3 Ra4 39. Nxb7 Rxa3
40. Kg4 Rd3 41. Rf3 Rd4+ 42. Kg3 Bd2 43. Nc5 Rd5 44. Nb3 Bb4 45. Kg4 h5+ 46.
Kxh5 Rxf5+ 47. Rxf5+ Kxf5 48. Nd4+ Ke4 49. Nxc6 a6 50. Nxb4 a5 51. Na6 Kd3 52.
Kg4 a4 53. Kf3 Kc4 54. Ke3 a3 55. Kd2 Kd5 56. Ke2 a2 0-1

[Event "3. Open de Calviá 2006 Aficionados"]
[Site "Calvia ESP"]
[Date "2006.10.13"]
[Round "3.15"]
[White "Diogo, Vasco"]
[Black "Martinez Vicario, Jose Maria"]
[Result "1-0"]
[WhiteElo "2220"]
[BlackElo "2051"]
[PlyCount "39"]
[EventDate "2006.10.20"]
[EventType "swiss"]
[EventRounds "9"]
[EventCountry "ESP"]
[Source "lmi"]
[SourceDate "2006.10.20"]

1. e4 e5 2. Nf3 Nc6 3. Bc4 Bc5 4. d3 d6 5. O-O Nge7 6. Ng5 d5 7. exd5 Na5 8.
Nc3 Nxc4 9. dxc4 Ng6 10. Qh5 Be7 11. f4 Bxg5 12. fxg5 Qe7 13. Ne4 Qb4 14. b3
Bd7 15. Be3 b6 16. Rf2 O-O-O 17. c3 Qa3 18. g3 a5 19. c5 Ne7 20. Bc1 1-0

[Event "3. Open de Calviá 2006 Aficionados"]
[Site "Calvia ESP"]
[Date "2006.10.13"]
[Round "3.16"]
[White "Moran Rodriguez, Luciano"]
[Black "Marques Mora, Antonio"]
[Result "1-0"]
[WhiteElo "2130"]
[BlackElo "1987"]
[PlyCount "90"]
[EventDate "2006.10.20"]
[EventType "swiss"]
[EventRounds "9"]
[EventCountry "ESP"]
[Source "lmi"]
[SourceDate "2006.10.20"]

1. d4 d5 2. c4 c6 3. Nf3 Nf6 4. e3 Bf5 5. Nc3 e6 6. Be2 dxc4 7. Bxc4 Be7 8. O-O
O-O 9. h3 h6 10. Re1 b5 11. Bd3 Bxd3 12. Qxd3 Nbd7 13. a3 Nb6 14. Qe2 Qc7 15.
e4 Rfd8 16. g3 a6 17. Bf4 Qb7 18. Rad1 b4 19. axb4 Bxb4 20. Ne5 Nbd7 21. Nd3 a5
22. Qf3 c5 23. dxc5 Nxc5 24. Nxc5 Bxc5 25. Bxh6 Be7 26. Bc1 Bb4 27. Rxd8+ Rxd8
28. Bg5 Be7 29. Re2 Nh7 30. Bxe7 Qxe7 31. h4 Nf8 32. Qe3 Ng6 33. Qb6 Ra8 34.
Kg2 Qd7 35. Qe3 Rd8 36. h5 Nf8 37. h6 g6 38. Qg5 Nh7 39. Qe5 f6 40. Qxa5 Qd6
41. Re1 Re8 42. Rd1 Qe7 43. Qb5 Nf8 44. Qb3 Kh7 45. Ra1 Kxh6 1-0

[Event "3. Open de Calviá 2006 Aficionados"]
[Site "Calvia ESP"]
[Date "2006.10.13"]
[Round "3.17"]
[White "Fischer, Marcel"]
[Black "Luijpen, Michiel"]
[Result "0-1"]
[WhiteElo "2004"]
[BlackElo "2126"]
[PlyCount "58"]
[EventDate "2006.10.20"]
[EventType "swiss"]
[EventRounds "9"]
[EventCountry "ESP"]
[Source "lmi"]
[SourceDate "2006.10.20"]

1. e4 c5 2. c3 Nf6 3. e5 Nd5 4. d4 cxd4 5. Nf3 Nc6 6. Bc4 Nb6 7. Bb3 d5 8. exd6
Qxd6 9. O-O Be6 10. Bxe6 Qxe6 11. Nxd4 Nxd4 12. Qxd4 Rd8 13. Qh4 g6 14. Bd2 Qc4
15. Qg3 Bg7 16. Re1 e6 17. Bg5 f6 18. Na3 Qc6 19. Qh3 e5 20. Bh6 O-O 21. Nc2
Nd5 22. Bxg7 Nf4 23. Qg4 Kxg7 24. Nb4 Qb6 25. g3 Rd2 26. Re3 h5 27. Qf3 Nh3+
28. Kh1 Nxf2+ 29. Kg2 e4 0-1

[Event "3. Open de Calviá 2006 Aficionados"]
[Site "Calvia ESP"]
[Date "2006.10.13"]
[Round "3.18"]
[White "Bergas Ferriol, Jeronimo"]
[Black "Moreno Cervera, Jose Luis"]
[Result "0-1"]
[WhiteElo "2108"]
[BlackElo "1959"]
[PlyCount "112"]
[EventDate "2006.10.20"]
[EventType "swiss"]
[EventRounds "9"]
[EventCountry "ESP"]
[Source "lmi"]
[SourceDate "2006.10.20"]

1. e4 d5 2. exd5 Qxd5 3. Nc3 Qa5 4. d4 Nf6 5. Bc4 c6 6. Nf3 Bg4 7. h3 Bxf3 8.
Qxf3 e6 9. O-O Bd6 10. a3 Nbd7 11. Be3 Qh5 12. Be2 Qxf3 13. Bxf3 O-O 14. Rad1
Nd5 15. Bd2 b5 16. g3 N7b6 17. Ne4 Be7 18. Rfe1 a5 19. Nc3 Bf6 20. Nxd5 cxd5
21. c3 Nc4 22. Bc1 Rfb8 23. b3 Nb6 24. Be2 Rc8 25. Bb2 b4 26. cxb4 axb4 27. a4
Rc2 28. Rb1 Rac8 29. Bd3 Rxb2 30. Rxb2 Bxd4 31. Rc2 Bc3 32. a5 Bxe1 33. axb6
Rxc2 34. Bxc2 Bc3 35. Kf1 Be5 36. Ke2 Kf8 37. h4 h6 38. f4 Bd6 39. Kf3 Ke7 40.
g4 f6 41. Bg6 e5 42. fxe5 fxe5 43. Bf5 e4+ 44. Ke2 Kf6 45. Bd7 Ke5 46. b7 Kf4
47. g5 hxg5 48. hxg5 Kxg5 49. Bc6 Kf4 50. Bxd5 g5 51. Be6 g4 52. Kf2 g3+ 53.
Kf1 Ke3 54. Bc4 Kd2 55. Kg2 e3 56. Kf3 g2 0-1

[Event "3. Open de Calviá 2006 Aficionados"]
[Site "Calvia ESP"]
[Date "2006.10.13"]
[Round "3.19"]
[White "Gilabert Mallol, Estanislau"]
[Black "Mercant Simon, Jaume"]
[Result "1-0"]
[WhiteElo "1976"]
[BlackElo "2108"]
[PlyCount "71"]
[EventDate "2006.10.20"]
[EventType "swiss"]
[EventRounds "9"]
[EventCountry "ESP"]
[Source "lmi"]
[SourceDate "2006.10.20"]

1. e4 e6 2. d3 d5 3. Nd2 c5 4. Ngf3 Nc6 5. g3 Bd6 6. Bg2 Nge7 7. O-O O-O 8. Re1
Qc7 9. Nf1 f5 10. Ng5 h6 11. exd5 exd5 12. Nh3 Bd7 13. Bf4 d4 14. Nd2 Ng6 15.
Bxd6 Qxd6 16. Nc4 Qf6 17. Nf4 Nxf4 18. gxf4 Rae8 19. Qf3 Nb4 20. Rxe8 Bxe8 21.
Qxb7 Nxc2 22. Rc1 Nb4 23. Ne5 Qb6 24. a3 Na6 25. Bd5+ Kh7 26. Qe7 Rh8 27. Be6
Rf8 28. Qxf8 Qxe6 29. Re1 Bc6 30. Kf1 Bb7 31. Qf7 Qc8 32. Qg6+ Kg8 33. Qf7+ Kh7
34. Qg6+ Kg8 35. Nd7 Nc7 36. Re7 1-0

[Event "3. Open de Calviá 2006 Aficionados"]
[Site "Calvia ESP"]
[Date "2006.10.13"]
[Round "3.20"]
[White "Kitchlew, Andrew"]
[Black "Rautanen, Sari"]
[Result "0-1"]
[WhiteElo "2107"]
[BlackElo "1925"]
[PlyCount "94"]
[EventDate "2006.10.20"]
[EventType "swiss"]
[EventRounds "9"]
[EventCountry "ESP"]
[Source "lmi"]
[SourceDate "2006.10.20"]

1. d4 d6 2. Nf3 Nf6 3. Bg5 Nbd7 4. Nc3 g6 5. e4 Bg7 6. Qd2 O-O 7. Bh6 e5 8.
Bxg7 Kxg7 9. O-O-O Qe7 10. Qg5 h6 11. Qh4 Nb6 12. dxe5 dxe5 13. Qg3 Re8 14. h4
Nh5 15. Qh2 Bg4 16. Nd5 Nxd5 17. Rxd5 Bxf3 18. gxf3 c6 19. Rd2 Rad8 20. Bd3 Rd6
21. Rg1 Red8 22. Rgd1 Nf4 23. Qg3 R8d7 24. Qg4 Qd8 25. Qg3 c5 26. h5 c4 27.
hxg6 fxg6 28. Qh2 cxd3 29. c3 b5 30. Rh1 h5 31. Kb1 a5 32. Qg3 Qe7 33. Rh4 Qf6
34. Rh1 Rc7 35. Qg1 b4 36. cxb4 axb4 37. Qd1 Rdc6 38. Qb3 Qd6 39. Rdd1 Qc5 40.
a3 Qc2+ 41. Ka2 Qxb3+ 42. Kxb3 bxa3 43. bxa3 Rb7+ 44. Ka2 Rc2+ 45. Ka1 Rbb2 46.
Rhg1 Ra2+ 47. Kb1 Rcb2+ 0-1

[Event "3. Open de Calviá 2006 Aficionados"]
[Site "Calvia ESP"]
[Date "2006.10.14"]
[Round "4.1"]
[White "Uribe Arteaga, Daniel"]
[Black "Tattersall, Lester"]
[Result "1/2-1/2"]
[WhiteElo "2202"]
[BlackElo "2254"]
[PlyCount "79"]
[EventDate "2006.10.20"]
[EventType "swiss"]
[EventRounds "9"]
[EventCountry "ESP"]
[Source "lmi"]
[SourceDate "2006.10.20"]

1. e4 c5 2. Nf3 d6 3. d3 Nc6 4. g3 g6 5. Bg2 Bg7 6. O-O e6 7. c3 Nge7 8. Re1
O-O 9. d4 Qc7 10. Na3 cxd4 11. cxd4 a6 12. Nc2 b5 13. d5 exd5 14. exd5 Nd8 15.
a4 Bb7 16. Ne3 b4 17. Qb3 Qc5 18. Bd2 Nxd5 19. Rac1 Qa5 20. Nc4 Qc7 21. Nce5
Qa5 22. Nd7 Ne6 23. Nxf8 Rxf8 24. Rc4 Nc5 25. Qc2 Qb6 26. b3 Nc3 27. Bxc3 Bxc3
28. Rd1 Re8 29. Ng5 Bxg2 30. Kxg2 Qc6+ 31. f3 d5 32. Rf4 d4 33. Nxf7 d3 34.
Rxd3 Nxd3 35. Qxd3 Qe6 36. Qb1 Qe2+ 37. Kh3 Qe6+ 38. Kg2 Qe2+ 39. Kh3 Qe6+ 40.
Kg2 1/2-1/2

[Event "3. Open de Calviá 2006 Aficionados"]
[Site "Calvia ESP"]
[Date "2006.10.14"]
[Round "4.2"]
[White "Fokin, Sergey"]
[Black "Lacrosse, Marc"]
[Result "1/2-1/2"]
[WhiteElo "2157"]
[BlackElo "2238"]
[PlyCount "139"]
[EventDate "2006.10.20"]
[EventType "swiss"]
[EventRounds "9"]
[EventCountry "ESP"]
[Source "lmi"]
[SourceDate "2006.10.20"]

1. d4 d5 2. c4 e6 3. Nf3 Nf6 4. g3 Be7 5. Bg2 O-O 6. O-O dxc4 7. Qc2 a6 8. a4
Nc6 9. Qxc4 Qd5 10. Na3 Rd8 11. Qxd5 exd5 12. Bf4 Ne8 13. Bd2 Bg4 14. e3 Bxf3
15. Bxf3 a5 16. Rfc1 Nb4 17. Be2 c6 18. Nc2 Nxc2 19. Rxc2 Kf8 20. Kg2 Nc7 21.
Rb1 Bb4 22. Bc3 Ne8 23. Ra1 Be7 24. Bd3 Ra7 25. f3 Nc7 26. Be1 Bb4 27. Bf2 Na6
28. Re2 Be7 29. Rd1 Nb4 30. Bb1 Raa8 31. g4 h6 32. Be1 Bf6 33. h4 Rd7 34. Bg3
g6 35. Bf4 g5 36. hxg5 hxg5 37. Bg3 Kg7 38. Bf5 Rdd8 39. Kf2 Be7 40. Rh1 Rh8
41. Ree1 c5 42. dxc5 Bxc5 43. Be5+ f6 44. Bc3 Rae8 45. Rxh8 Rxh8 46. Kg2 Bd6
47. f4 Kf7 48. fxg5 Rh2+ 49. Kg1 fxg5 50. Rf1 Ke7 51. Bg6 Re2 52. Rf7+ Ke6 53.
Rxb7 Bc5 54. Bd4 Bxd4 55. exd4 Rxb2 56. Rb6+ Ke7 57. Rb5 Rd2 58. Rxa5 Rxd4 59.
Bf5 Nc6 60. Ra6 Kd6 61. Kf2 Kc5 62. Ra8 Ne5 63. Kg3 Rb4 64. a5 Rb3+ 65. Kf2
Rb2+ 66. Kg3 Rb3+ 67. Kf2 Rb2+ 68. Kg3 Rb3+ 69. Kf2 Rb2+ 70. Kg3 1/2-1/2

[Event "3. Open de Calviá 2006 Aficionados"]
[Site "Calvia ESP"]
[Date "2006.10.14"]
[Round "4.3"]
[White "Voiteanu, Gabriel"]
[Black "Hutchinson, Paul A"]
[Result "1/2-1/2"]
[WhiteElo "2218"]
[BlackElo "2178"]
[PlyCount "132"]
[EventDate "2006.10.20"]
[EventType "swiss"]
[EventRounds "9"]
[EventCountry "ESP"]
[Source "lmi"]
[SourceDate "2006.10.20"]

1. d4 d5 2. c4 c6 3. Nf3 Nf6 4. Qc2 dxc4 5. Qxc4 Bg4 6. Ne5 Be6 7. Qa4 Nbd7 8.
Nxd7 Qxd7 9. Nc3 a6 10. e3 Bf5 11. f3 b5 12. Qd1 Qc7 13. e4 Bc8 14. Be3 Bb7 15.
Be2 Rd8 16. Qc2 e5 17. dxe5 Qxe5 18. f4 Qe6 19. O-O Bb4 20. e5 Nd7 21. Ne4 h6
22. Rad1 O-O 23. Nd6 Ba8 24. a3 Ba5 25. Nf5 Bc7 26. Rf3 Kh8 27. Rg3 Rg8 28. Nd4
Qe7 29. Nxc6 Bxc6 30. Qxc6 Nb8 31. Qe4 f6 32. Rxd8 Rxd8 33. e6 Nd7 34. Qb7 Nc5
35. Qa7 Nxe6 36. h3 Qd6 37. Rf3 Re8 38. Rf2 f5 39. Bh5 Rb8 40. Rd2 Qxd2 41.
Qxb8+ Bxb8 42. Bxd2 Bxf4 43. Ba5 Bc1 44. Bf7 Nc5 45. b4 Nd3 46. Bg6 Bxa3 47.
Bxf5 Bxb4 48. Bc7 Nc5 49. Bg6 Bc3 50. Bd6 Bd4+ 51. Kf1 b4 52. Bxc5 Bxc5 53. Ke2
b3 54. Bf7 b2 55. Ba2 g5 56. Kd3 Kg7 57. Kc3 a5 58. Kxb2 a4 59. Bd5 Kf6 60. Bc6
a3+ 61. Ka2 Ke5 62. Bf3 Kf4 63. Kb3 Kg3 64. Ka2 Kh4 65. Kb3 h5 66. Ka2 g4
1/2-1/2

[Event "3. Open de Calviá 2006 Aficionados"]
[Site "Calvia ESP"]
[Date "2006.10.14"]
[Round "4.4"]
[White "Hallerod, Ralph"]
[Black "Vrban, Mladen"]
[Result "0-1"]
[WhiteElo "2180"]
[BlackElo "2297"]
[PlyCount "58"]
[EventDate "2006.10.20"]
[EventType "swiss"]
[EventRounds "9"]
[EventCountry "ESP"]
[Source "lmi"]
[SourceDate "2006.10.20"]

1. d4 f5 2. g3 g6 3. Bg2 Bg7 4. c3 c6 5. Bf4 d6 6. Nf3 Nd7 7. Qb3 Ndf6 8. Ng5
d5 9. Be5 Nh6 10. f3 O-O 11. Nd2 e6 12. Nh3 Nf7 13. Bxf6 Bxf6 14. f4 Qa5 15.
Qc2 c5 16. Nb3 Qa4 17. dxc5 Bd7 18. Nf2 Rac8 19. Qd2 b6 20. cxb6 Nd6 21. Bxd5
exd5 22. Qxd5+ Nf7 23. Nc5 Rxc5 24. Qxc5 Rc8 25. Qe3 Re8 26. Qd2 axb6 27. b3
Qc6 28. O-O-O Bxc3 29. Qxd7 Bd2+ 0-1

[Event "3. Open de Calviá 2006 Aficionados"]
[Site "Calvia ESP"]
[Date "2006.10.14"]
[Round "4.5"]
[White "Ehsan, Ali"]
[Black "Galvao, Henrique"]
[Result "1-0"]
[WhiteElo "2236"]
[BlackElo "2181"]
[PlyCount "83"]
[EventDate "2006.10.20"]
[EventType "swiss"]
[EventRounds "9"]
[EventCountry "ESP"]
[Source "lmi"]
[SourceDate "2006.10.20"]

1. e4 e5 2. Nf3 d5 3. exd5 Bd6 4. Bb5+ Bd7 5. Qe2 Qe7 6. Nc3 Nf6 7. Bc4 e4 8.
Nd4 Be5 9. Nb3 O-O 10. h3 Bf5 11. O-O Nbd7 12. d4 Bd6 13. Bg5 a6 14. a4 Rfe8
15. a5 h6 16. Bh4 g5 17. Bg3 Nf8 18. Qe3 Ng6 19. Ne2 Bd7 20. Nc5 Nh5 21. Bxd6
cxd6 22. Nxd7 Qxd7 23. f3 Rac8 24. b3 exf3 25. Qxf3 Nhf4 26. Nxf4 Nxf4 27. Rae1
Qf5 28. Qf2 Qf6 29. Kh2 Qf5 30. Qd2 Kg7 31. Rf2 h5 32. Re3 Qd7 33. Rg3 Ng6 34.
Qxg5 h4 35. Qf6+ Kg8 36. Rg4 Qe7 37. Qf5 Rc7 38. Bd3 Kg7 39. Rxg6+ fxg6 40.
Qxg6+ Kh8 41. Rf5 Qg7 42. Rh5+ 1-0

[Event "3. Open de Calviá 2006 Aficionados"]
[Site "Calvia ESP"]
[Date "2006.10.14"]
[Round "4.6"]
[White "Skorna, Ullrich"]
[Black "Galiana, Juan Ramon"]
[Result "1-0"]
[WhiteElo "2098"]
[BlackElo "2291"]
[PlyCount "173"]
[EventDate "2006.10.20"]
[EventType "swiss"]
[EventRounds "9"]
[EventCountry "ESP"]
[Source "lmi"]
[SourceDate "2006.10.20"]

1. e4 e6 2. d4 d5 3. Nc3 Nf6 4. Bg5 Bb4 5. Bxf6 Qxf6 6. e5 Qe7 7. a3 Bxc3+ 8.
bxc3 c5 9. Nf3 c4 10. g3 Bd7 11. Bh3 Bc6 12. O-O a5 13. Nd2 Nd7 14. f4 g6 15.
Qe2 Nb6 16. Rf3 h5 17. Rff1 Kd8 18. Nf3 Kc7 19. Bg2 Ra6 20. h4 Na4 21. Qe3 Rb6
22. Ng5 Kd7 23. Bh3 Ra6 24. Qd2 Kc8 25. Kh2 Nb6 26. Rfe1 Na8 27. Re3 Kb8 28.
Ree1 Nc7 29. Re3 Ka7 30. Qe1 Ba4 31. Qc1 Rb6 32. Ra2 Rc8 33. Re1 Be8 34. a4 Na8
35. Qa1 Ra6 36. Rb1 Nb6 37. Ra3 Bc6 38. Rb2 Rh8 39. Bg2 Qe8 40. Rba2 Nd7 41.
Bh3 Rb6 42. Bg2 Nf8 43. Bh3 Nh7 44. Qf1 Qe7 45. Qc1 Qf8 46. Qa1 Qg7 47. Qe1 Rb8
48. Qa1 Nf8 49. Qe1 Nd7 50. Qc1 Qf8 51. Qa1 Qe7 52. Qe1 Nf8 53. Qa1 Be8 54. Nf3
Qc7 55. Qc1 Ra6 56. Qa1 b5 57. axb5 Rxb5 58. Nd2 Qb6 59. Bf1 Qc7 60. Be2 Bd7
61. Ra4 Qb6 62. R4a3 Bc6 63. Ra4 Bb7 64. Qc1 Nd7 65. Qa3 Qd8 66. Qc1 Nb6 67.
R4a3 Qe7 68. Qa1 a4 69. Rb2 Rba5 70. Rb4 Bc6 71. Bf3 Qd7 72. Qg1 Na8 73. Nxc4
Nc7 74. Nxa5 Rxa5 75. c4 Na6 76. c3 Ka8 77. Rb6 Nb8 78. Qb1 Qc7 79. Qb4 Ra7 80.
Qc5 Rb7 81. Rxb7 Qxb7 82. Qb4 Qa7 83. cxd5 exd5 84. Qc5 Qb7 85. c4 Qb2+ 86. Kh3
Qc2 87. cxd5 1-0

[Event "3. Open de Calviá 2006 Aficionados"]
[Site "Calvia ESP"]
[Date "2006.10.14"]
[Round "4.7"]
[White "Van Hoolandt, Patrick"]
[Black "Roig Squar, Jason"]
[Result "1/2-1/2"]
[WhiteElo "2282"]
[BlackElo "2092"]
[PlyCount "96"]
[EventDate "2006.10.20"]
[EventType "swiss"]
[EventRounds "9"]
[EventCountry "ESP"]
[Source "lmi"]
[SourceDate "2006.10.20"]

1. d4 d5 2. c4 e6 3. Nf3 Be7 4. Nc3 Nf6 5. Qc2 O-O 6. cxd5 exd5 7. Bg5 c6 8. e3
Nbd7 9. Bd3 Re8 10. O-O Nf8 11. h3 g6 12. Rae1 Ne6 13. Bh6 a6 14. Na4 Nd7 15.
a3 Bd6 16. b4 Qf6 17. e4 dxe4 18. Rxe4 Nc7 19. Rxe8+ Nxe8 20. Re1 Nc7 21. Nc3
Bf8 22. Bg5 Qg7 23. Bc4 Nb6 24. Bb3 Be6 25. Bf4 Bxb3 26. Qxb3 Ncd5 27. Be5 f6
28. Bg3 Qd7 29. Ne4 Kg7 30. Nc5 Qf7 31. Qd3 Kg8 32. Nd2 Bh6 33. Ndb3 f5 34. Be5
Nf4 35. Qf3 Ne6 36. Nxe6 Qxe6 37. Nc5 Qf7 38. Bd6 Nd5 39. Qe2 b6 40. Nd3 Qd7
41. Be5 a5 42. Qb2 axb4 43. axb4 Qa7 44. b5 cxb5 45. Qxb5 Qf7 46. Bd6 Bd2 47.
Rf1 Rd8 48. Be7 Qe6 1/2-1/2

[Event "3. Open de Calviá 2006 Aficionados"]
[Site "Calvia ESP"]
[Date "2006.10.14"]
[Round "4.8"]
[White "Barcelo, Pedro"]
[Black "Rhein, Klaus"]
[Result "1-0"]
[WhiteElo "2261"]
[BlackElo "2082"]
[PlyCount "75"]
[EventDate "2006.10.20"]
[EventType "swiss"]
[EventRounds "9"]
[EventCountry "ESP"]
[Source "lmi"]
[SourceDate "2006.10.20"]

1. d4 Nf6 2. Nf3 c5 3. c4 g6 4. Nc3 Bg7 5. d5 d6 6. g3 O-O 7. Bg2 e6 8. Nd2
exd5 9. cxd5 a6 10. a4 Nbd7 11. Nc4 Nb6 12. Na3 Re8 13. a5 Nbd7 14. Nc4 Bf8 15.
O-O b5 16. axb6 Nxb6 17. Na5 Qc7 18. h3 Bd7 19. Re1 Bb5 20. e4 Nfd7 21. f4 Rac8
22. Nxb5 axb5 23. Nc6 Ra8 24. Rxa8 Rxa8 25. e5 Re8 26. e6 Nb8 27. Nxb8 Rxb8 28.
f5 gxf5 29. Qh5 Bg7 30. Qxf5 Rf8 31. e7 Re8 32. Be4 Qxe7 33. Qxh7+ Kf8 34. Bh6
Qe5 35. Qh8+ Ke7 36. Qxg7 Qxg7 37. Bxg7 Rg8 38. Bh7+ 1-0

[Event "3. Open de Calviá 2006 Aficionados"]
[Site "Calvia ESP"]
[Date "2006.10.14"]
[Round "4.9"]
[White "De La Barrera M, Eduardo"]
[Black "Diogo, Vasco"]
[Result "0-1"]
[WhiteElo "2077"]
[BlackElo "2220"]
[PlyCount "116"]
[EventDate "2006.10.20"]
[EventType "swiss"]
[EventRounds "9"]
[EventCountry "ESP"]
[Source "lmi"]
[SourceDate "2006.10.20"]

1. Nf3 d5 2. g3 g6 3. Bg2 Bg7 4. d4 Nf6 5. O-O O-O 6. c4 c6 7. cxd5 cxd5 8. Nc3
Nc6 9. Ne5 e6 10. f4 Bd7 11. Rb1 Rc8 12. Be3 Ne8 13. Kh1 Nd6 14. Bg1 f6 15.
Nxd7 Qxd7 16. a3 f5 17. Qd2 Rc7 18. Rfd1 Rfc8 19. Qd3 Ne7 20. Bf2 Kh8 21. Be1
Ng8 22. Bf3 Nf6 23. Kg2 a6 24. Rdc1 Nfe4 25. g4 Bh6 26. e3 Nc4 27. h4 Bf8 28.
h5 gxh5 29. g5 h6 30. Bxe4 fxe4 31. Qe2 hxg5 32. Qxh5+ Qh7 33. Qe2 gxf4 34.
exf4 Bh6 35. Bg3 Rg7 36. Rh1 Rcg8 37. Rh3 Rxg3+ 38. Rxg3 Bxf4 39. Rxg8+ Qxg8+
40. Kh1 Qh7+ 41. Kg1 Qg6+ 42. Qg2 Be3+ 43. Kh1 Qh6+ 44. Qh2 Qxh2+ 45. Kxh2 Bxd4
46. Kg3 Kg7 47. a4 Kf6 48. Kf4 Be5+ 49. Kg4 Ke7 50. Kh3 Kd6 51. Kg2 b6 52. Kf2
Kc5 53. Rc1 Kb4 54. Rh1 Bxc3 55. bxc3+ Kxc3 56. Rh6 e5 57. a5 bxa5 58. Rxa6 Kd2
0-1

[Event "3. Open de Calviá 2006 Aficionados"]
[Site "Calvia ESP"]
[Date "2006.10.14"]
[Round "4.10"]
[White "Rautanen, Sari"]
[Black "Kozarcanin, Sead"]
[Result "1/2-1/2"]
[WhiteElo "1925"]
[BlackElo "2213"]
[PlyCount "90"]
[EventDate "2006.10.20"]
[EventType "swiss"]
[EventRounds "9"]
[EventCountry "ESP"]
[Source "lmi"]
[SourceDate "2006.10.20"]

1. Nf3 d5 2. g3 Nf6 3. Bg2 c6 4. b3 Bf5 5. O-O Nbd7 6. Bb2 h6 7. d3 e6 8. Nbd2
Bc5 9. e4 dxe4 10. Nxe4 Be7 11. Qe2 O-O 12. a3 a5 13. Rfe1 Re8 14. h3 Bh7 15.
Nfd2 Nxe4 16. dxe4 e5 17. Nc4 Qc7 18. Rad1 b5 19. Ne3 Rad8 20. Nf5 Bxf5 21.
exf5 Bc5 22. Qe4 Rc8 23. Re2 Nf6 24. Qh4 Nh7 25. Bc1 Bd4 26. f6 Qd8 27. Be3
Qxf6 28. Qxf6 Nxf6 29. Bxd4 exd4 30. Rxe8+ Nxe8 31. Rxd4 Rc7 32. Rd8 Kf8 33.
Ra8 Ke7 34. Rxa5 Nd6 35. a4 bxa4 36. Rxa4 c5 37. Bd5 Nb5 38. Rf4 f6 39. Bc4 Nd6
40. Bd5 Nb5 41. Re4+ Kd6 42. Bc4 Nd4 43. c3 Nf3+ 44. Kg2 Nd2 45. Re6+ Kd7
1/2-1/2

[Event "3. Open de Calviá 2006 Aficionados"]
[Site "Calvia ESP"]
[Date "2006.10.14"]
[Round "4.11"]
[White "Pascual Genoves, Marc"]
[Black "Juan Mas, Santiago"]
[Result "1/2-1/2"]
[WhiteElo "2206"]
[BlackElo "2059"]
[PlyCount "69"]
[EventDate "2006.10.20"]
[EventType "swiss"]
[EventRounds "9"]
[EventCountry "ESP"]
[Source "lmi"]
[SourceDate "2006.10.20"]

1. e4 d5 2. exd5 Qxd5 3. Nf3 Nf6 4. d4 Bg4 5. Be2 e6 6. O-O Be7 7. c4 Qd8 8.
Qb3 Qc8 9. Nc3 O-O 10. Bf4 c6 11. h3 Bh5 12. Rac1 Nbd7 13. Rfe1 Re8 14. g4 Bg6
15. Nh4 Bd8 16. Nxg6 hxg6 17. Nb5 cxb5 18. cxb5 Bb6 19. Rxc8 Raxc8 20. Be3 Nd5
21. Bc4 N7f6 22. g5 Nxe3 23. fxe3 Ne4 24. Qd3 Nxg5 25. Kg2 Red8 26. Bb3 Rc7 27.
Rf1 Nh7 28. Rf2 Nf6 29. Rc2 Rcd7 30. Rd2 Nd5 31. Qe4 Nf6 32. Qd3 Nd5 33. Qe4
Nf6 34. Qd3 Nd5 35. Qe4 1/2-1/2

[Event "3. Open de Calviá 2006 Aficionados"]
[Site "Calvia ESP"]
[Date "2006.10.14"]
[Round "4.12"]
[White "Fogel, Pierre"]
[Black "Gilabert Mallol, Estanislau"]
[Result "1-0"]
[WhiteElo "2202"]
[BlackElo "1976"]
[PlyCount "91"]
[EventDate "2006.10.20"]
[EventType "swiss"]
[EventRounds "9"]
[EventCountry "ESP"]
[Source "lmi"]
[SourceDate "2006.10.20"]

1. d4 d5 2. c4 Bf5 3. Nf3 e6 4. Nc3 Nc6 5. Bf4 Nf6 6. e3 Be7 7. Be2 O-O 8. O-O
dxc4 9. Ne5 Nxe5 10. Bxe5 Nd7 11. Bg3 Nb6 12. e4 Bg6 13. f4 f5 14. e5 Qd7 15.
Bf2 Rfd8 16. b3 cxb3 17. Qxb3 c6 18. Rab1 Rab8 19. Rfc1 Nd5 20. Nxd5 exd5 21.
Qa4 b5 22. Qa5 Be8 23. h3 h5 24. Kh2 Rdc8 25. Bd3 g6 26. Rc2 Bd8 27. Qd2 a5 28.
Rg1 b4 29. Rb2 Rc7 30. Qe2 a4 31. g4 hxg4 32. hxg4 Qh7+ 33. Kg2 Bd7 34. Rh1 Qg7
35. Kf1 fxg4 36. e6 Be8 37. Qxg4 Bf6 38. f5 c5 39. fxg6 c4 40. Rh7 cxd3 41.
Rxg7+ Rxg7 42. Qf4 Rc8 43. Qxf6 Rc1+ 44. Be1 Rxg6 45. Qf4 Rxe6 46. Qxc1 1-0

[Event "3. Open de Calviá 2006 Aficionados"]
[Site "Calvia ESP"]
[Date "2006.10.14"]
[Round "4.13"]
[White "Babataeva, Indira"]
[Black "Tanco Salas, Jesus Mara"]
[Result "1-0"]
[WhiteElo "2194"]
[BlackElo "1995"]
[PlyCount "25"]
[EventDate "2006.10.20"]
[EventType "swiss"]
[EventRounds "9"]
[EventCountry "ESP"]
[Source "lmi"]
[SourceDate "2006.10.20"]

1. e4 c6 2. d4 d5 3. exd5 cxd5 4. Bd3 g6 5. h3 Nh6 6. Nf3 Bg7 7. c3 b6 8. O-O
Ba6 9. Bxa6 Nxa6 10. Qa4+ Qd7 11. Qxa6 Rc8 12. Ne5 Bxe5 13. Bxh6 1-0

[Event "3. Open de Calviá 2006 Aficionados"]
[Site "Calvia ESP"]
[Date "2006.10.14"]
[Round "4.14"]
[White "Vazquez Gonzalez, Jesus"]
[Black "Moreno Cervera, Jose Luis"]
[Result "1-0"]
[WhiteElo "2185"]
[BlackElo "1959"]
[PlyCount "67"]
[EventDate "2006.10.20"]
[EventType "swiss"]
[EventRounds "9"]
[EventCountry "ESP"]
[Source "lmi"]
[SourceDate "2006.10.20"]

1. e4 d5 2. exd5 Qxd5 3. Nc3 Qa5 4. h3 Bf5 5. Nf3 e6 6. d4 c6 7. Bd2 Qc7 8. Nh4
Bg6 9. Nxg6 hxg6 10. Qf3 Nf6 11. Bd3 Bd6 12. Bg5 Nbd7 13. Ne4 Nxe4 14. Bxe4
Qa5+ 15. Bd2 Qb5 16. b3 Nf6 17. c4 Qh5 18. g4 Qh4 19. Bxc6+ bxc6 20. Qxc6+ Ke7
21. c5 Bg3 22. Qb7+ Nd7 23. c6 Bxf2+ 24. Ke2 Rad8 25. Qb4+ Ke8 26. cxd7+ Rxd7
27. Qb8+ Rd8 28. Qb5+ Rd7 29. Bg5 Qg3 30. Rac1 f6 31. Rc8+ Ke7 32. Qc5+ Kf7 33.
Rxh8 Re7 34. Rf1 1-0

[Event "3. Open de Calviá 2006 Aficionados"]
[Site "Calvia ESP"]
[Date "2006.10.14"]
[Round "4.15"]
[White "Kuenitz, Michael"]
[Black "Schenk Papke, Andres"]
[Result "1-0"]
[WhiteElo "1816"]
[BlackElo "2155"]
[PlyCount "95"]
[EventDate "2006.10.20"]
[EventType "swiss"]
[EventRounds "9"]
[EventCountry "ESP"]
[Source "lmi"]
[SourceDate "2006.10.20"]

1. d4 d5 2. c4 e6 3. Nf3 c5 4. e3 Nf6 5. Nc3 Nc6 6. Be2 a6 7. O-O dxc4 8. Bxc4
b5 9. Be2 Bb7 10. dxc5 Bxc5 11. Qc2 Qb6 12. b3 O-O 13. Bb2 Nb4 14. Qb1 Rac8 15.
a4 Nbd5 16. axb5 axb5 17. Nxb5 Nxe3 18. fxe3 Bxe3+ 19. Kh1 Ne4 20. Bd4 Bxd4 21.
Nbxd4 e5 22. Nf5 Nf2+ 23. Kg1 Nh3+ 24. Kh1 Bxf3 25. gxf3 Rc3 26. Ne7+ Kh8 27.
Nd5 Qd4 28. Nxc3 Qxc3 29. Qe4 Qxa1 30. Rxa1 Nf2+ 31. Kg1 Nxe4 32. fxe4 g6 33.
Rb1 Rd8 34. Rd1 Rb8 35. Bc4 Rb7 36. Rb1 Rb4 37. Rf1 f5 38. exf5 gxf5 39. Rxf5
Kg7 40. Rxe5 Rb6 41. Re7+ Kf6 42. Rxh7 Ke5 43. Rg7 Kf6 44. Rg3 Ke5 45. h4 Rh6
46. Rh3 Rg6+ 47. Kf2 Rh6 48. h5 1-0